00418nam a2200193Ia 4500003000900000008004100009040001300050040001300063041000800076100001500084100000800099245005100107250001000158260001200168300001200180300001200192490001300204490000700217IT-RoPAU120407s9999 xx 000 0 und d aIT-RoPAU cIT-RoPAU afra aBenedictus csan a"La règle de saint Benoìt Etude traditio." aParis aDu Cerf a1422 p. c19,5 cm aS.C.,183 v36